| Tag |
First Indicator |
Second Indicator |
Subfields |
| LEADER |
00000cam a2200000Ka 4500 |
| 001 |
in00002425146 |
| 005 |
20190327171559.0 |
| 006 |
m d |
| 007 |
cr un||||||||| |
| 008 |
041228s2001 maua sb 001 0 eng d |
| 029 |
1 |
|
|a NZ1
|b 10534217
|
| 035 |
|
|
|a (OCoLC)ocm57341333
|
| 035 |
|
|
|a (OCoLC)57341333
|
| 040 |
|
|
|a EEICP
|c EEICP
|d UtOrBLW
|
| 049 |
|
|
|a TEFA
|
| 050 |
1 |
4 |
|a TA169
|b .S64 2001eb
|
| 082 |
0 |
4 |
|a 620/.00452
|2 22
|
| 100 |
1 |
|
|a Smith, David J.
|q (David John),
|d 1943 June 22-
|
| 245 |
1 |
0 |
|a Reliability, maintainability, and risk :
|b practical methods for engineers /
|c David J. Smith.
|
| 250 |
|
|
|a 6th ed.
|
| 264 |
|
1 |
|a Boston :
|b Butterworth-Heinemann,
|c 2001.
|
| 300 |
|
|
|a xii, 335 pages :
|b illustrations ;
|c 24 cm.
|
| 336 |
|
|
|a text
|b txt
|2 rdacontent
|
| 337 |
|
|
|a computer
|b c
|2 rdamedia
|
| 338 |
|
|
|a online resource
|b cr
|2 rdacarrier
|
| 504 |
|
|
|a Includes bibliographical references and index.
|
| 533 |
|
|
|a Electronic reproduction.
|b Amsterdam, The Netherlands :
|c Elsevier,
|d 2004.
|n Available via World Wide Web.
|n Access is limited to subscribers of Referex Engineering on Engineering Village 2.
|
| 500 |
|
|
|a Electronic resource.
|
| 650 |
|
0 |
|a Reliability (Engineering)
|
| 650 |
|
0 |
|a Maintainability (Engineering)
|
| 650 |
|
0 |
|a Engineering design.
|
| 655 |
|
7 |
|a Electronic books.
|2 local
|
| 710 |
2 |
|
|a Elsevier Science Publishers.
|
| 730 |
0 |
|
|a Referex.
|
| 776 |
1 |
|
|c Original
|z 0750651687
|w (DLC) 00049380
|w (OCoLC)45129040
|
| 856 |
4 |
0 |
|u http://proxy.library.tamu.edu/login?url=http://www.engineeringvillage2.org/controller/servlet/OpenURL?genre=book&isbn=0750651687
|z Connect to the full text of this electronic book
|t 0
|
| 994 |
|
|
|a C0
|b TEF
|
| 999 |
|
|
|a MARS
|
| 999 |
f |
f |
|s 625f9245-bae0-304c-a180-8c19a75c4123
|i 6d114e20-5382-396c-9019-779f42779e1a
|t 0
|
| 952 |
f |
f |
|a Texas A&M University
|b College Station
|c Electronic Resources
|d Available Online
|t 0
|e TA169 .S64 2001eb
|h Library of Congress classification
|
| 998 |
f |
f |
|a TA169 .S64 2001eb
|t 0
|l Available Online
|